Aktívne bankové operácie diplomová práca

Saved in:
Bibliographic Details
Main Author: Piroha, Ondrej
Corporate Author: Národohospodárska fakulta EU. Katedra bankovníctva a medzinárodných financií
Other Authors: Klimiková, Mária
Format: Book
Language:Slovak
Published: Bratislava 2010
Tags: Add Tag
No Tags, Be the first to tag this record!

MARC

LEADER 00000nam a2200000 4500
001 0119554
005 20240318121646.5
041 0 |a slo 
044 |a SK 
245 1 0 |a Aktívne bankové operácie  |b diplomová práca  |c Ondrej Piroha ; škol. Mária Klimiková 
264 1 |a Bratislava  |c 2010 
300 |a 62 s. 
100 1 |a Piroha, Ondrej 
700 1 |a Klimiková, Mária 
710 2 |a Národohospodárska fakulta EU. Katedra bankovníctva a medzinárodných financií